Larra (Record no. 17796)

MARC details
000 -LEADER
campo de control de longitud fija 00909nam a2200253 i 4500
001 - NÚMERO DE CONTROL
campo de control 17796
003 - IDENTIFICADOR DE NÚMERO DE CONTROL
campo de control ES-MaACL
005 - FECHA Y HORA DE LA ÚLTIMA TRANSACCIÓN
campo de control 20240222063045.0
007 - CAMPO FIJO DE DESCRIPCIÓN FÍSICA--INFORMACIÓN GENERAL
campo de control de longitud fija t|
008 - DATOS DE LONGITUD FIJA--INFORMACIÓN GENERAL
campo de control de longitud fija 010528s1999 sp ||||1| spa d
020 ## - NÚMERO INTERNACIONAL ESTÁNDAR DEL LIBRO
Número Internacional Estándar del Libro 84-7522-803-8
080 ## - NÚMERO DE LA CLASIFICACIÓN DECIMAL UNIVERSAL
Número de la Clasificación Decimal Universal 821.134.2 Larra, Mariano José de 1.06
080 ## - NÚMERO DE LA CLASIFICACIÓN DECIMAL UNIVERSAL
Número de la Clasificación Decimal Universal 929 Larra, Mariano José de
100 1# - ENTRADA PRINCIPAL--NOMBRE DE PERSONA
Nombre de persona Umbral, Francisco,
Fechas asociadas al nombre 1932-2007
9 (RLIN) 111971
245 10 - MENCIÓN DEL TÍTULO
Título Larra
Resto del título : anatomía de un dandy /
Mención de responsabilidad, etc. Francisco Umbral.
260 ## - PUBLICACIÓN, DISTRIBUCIÓN, ETC.
Lugar de publicación, distribución, etc. Madrid :
Nombre del editor, distribuidor, etc. Visor Libros :
-- Consejería de Educación,
Fecha de publicación, distribución, etc. [1999]
300 ## - DESCRIPCIÓN FÍSICA
Extensión 143 p. ;
Dimensiones 23 cm.
490 1# - MENCIÓN DE SERIE
Mención de serie Letras madrileñas contemporáneas ;
Designación de volumen o secuencia 3
600 14 - PUNTO DE ACCESO ADICIONAL DE MATERIA--NOMBRE DE PERSONA
Nombre de persona Larra, Mariano José de,
Fechas asociadas al nombre 1809-1837
9 (RLIN) 70287
710 1# - ENTRADA AGREGADA--NOMBRE DE ENTIDAD CORPORATIVA
Nombre de entidad corporativa o nombre de jurisdicción como elemento de entrada Madrid (Comunidad Autónoma).
Unidad subordinada Consejería de Educación.
9 (RLIN) 5600
830 0# - PUNTO DE ACCESO ADICIONAL DE SERIE-TÍTULO UNIFORME
Título uniforme Letras madrileñas contemporáneas ;
Designación de volumen o secuencia 3
9 (RLIN) 180341
852 ## - LOCALIZACIÓN
Ubicación ES-MaACL
Número de control de estantería L-24707
Sublocalización o colección R.129962
Holdings
Estatus retirado Estado de pérdida Estado de daño No para préstamo Biblioteca de origen Biblioteca actual Ubicación en estantería Fecha de adquisición Fuente de adquisición Total de préstamos Signatura topográfica completa Código de barras Visto por última vez Precio de reemplazo Tipo de ítem Koha
        Biblioteca del Ateneo de Madrid Biblioteca del Ateneo de Madrid Depósito 2 17/01/2008     L-24707 1018175 23/02/2023 23/02/2023 Libro impreso